Culture Générale - Série 195 - Statistiques

Statistiques générales
  • Ce quiz a été pris 347 fois
  • Le résultat moyen est 7 sur 10
Statistiques - réponses
Question Réponse % Correct
Combien de cornes le rhinocéros d'Afrique porte-t-il ? 2
98%
Dans quel pays d'Afrique la ville d'Agadir est-elle située ? Le Maroc
91%
Quelle expression anglaise désigne l'explosion primordiale de l'univers ? Big Bang
90%
Que signifie la lettre C dans le sigle QCM ? Choix
83%
Quel sport olympique compte parmi ses disciplines le cheval-d'arçons ? La gymnastique
83%
Quelle course cycliste est surnommée "l'enfer du Nord" ? Paris-Roubaix
75%
Quel satellite est cité par Claude François dans "Cette année-là" ? Spoutnik
69%
Quelle super-héroïne a été interprétée par Lynda Carter dans les années 70 ? Wonder Woman
65%
Avec sexe et mensonges, quel mot complète le titre d'un film de 1989 ? Vidéo
30%
A quel groupe doit-on le tube "Rain and Tears" en 1968 ? Aphrodite's Child
21%
Aucun quiz correspondant
Distribution des résultats
% des personnes avec chaque résultat
Percentile par nombre de réponses
Votre historique - résultats
Vous n’avez pas pris ce quiz